Геохимия и особенности формирования подземных вод Гаурдак-Кугитанского района (Юго-Восточная Туркмения): автореферат диссертации на соискание ученой степени кандидата геолого-минералогических наук; спец. 04.00.06

Bibliographic Details
Main Author: Токгаева Г. Х. Галина Ходжатовна
Corporate Author: Томский политехнический институт
Other Authors: Шварцев С. Л. Степан Львович (научный руководитель)
Language:Russian
Published: Томск, 1983
Subjects:
Format: Book
KOHA link:https://koha.lib.tpu.ru/cgi-bin/koha/opac-detail.pl?biblionumber=281880

MARC

LEADER 00000nam0a2200000 4500
001 281880
005 20231031232909.0
035 |a (RuTPU)RU\TPU\book\305731 
035 |a RU\TPU\book\68267 
090 |a 281880 
100 |a 20150127d1983 k y0rusy50 ca 
101 0 |a rus 
102 |a RU 
105 |a a dm 001zy 
200 1 |a Геохимия и особенности формирования подземных вод Гаурдак-Кугитанского района (Юго-Восточная Туркмения)  |e автореферат диссертации на соискание ученой степени кандидата геолого-минералогических наук  |e спец. 04.00.06  |f Г. Х. Токгаева  |g Томский политехнический институт; науч. рук. С. Л. Шварцев 
210 |a Томск  |d 1983 
215 |a 19 с.  |c ил. 
320 |a Библиогр.: с. 19 (5 назв.) 
607 |a Туркмения 
607 |a Гаурдак-Кугитанский район 
610 1 |a авторефераты диссертаций 
610 1 |a геохимия 
610 1 |a химия 
610 1 |a формирование 
610 1 |a подземные воды 
610 1 |a гидрогеология 
610 1 |a геология 
610 1 |a условия 
610 1 |a минералы 
610 1 |a химический состав 
610 1 |a месторождения 
610 1 |a труды учёных ТПУ 
675 |a 551.494(04)  |v 4 
686 |a 04.00.06  |2 oksvnk 
700 1 |a Токгаева  |b Г. Х.  |g Галина Ходжатовна 
702 1 |a Шварцев  |b С. Л.  |c российский гидрогеолог, доктор геолого-минералогических наук  |c профессор Томского политехнического университета, академик РАЕН  |f 1936-  |g Степан Львович  |2 stltpush  |3 (RuTPU)RU\TPU\pers\25914  |4 727 
712 0 2 |a Томский политехнический институт  |2 stltpush  |3 (RuTPU)RU\TPU\col\1123 
801 1 |a RU  |b 63413507  |c 20040528  |g PSBO 
801 2 |a RU  |b 63413507  |c 20210723  |g PSBO 
942 |c BK